|
|
|
|
| LEADER |
00827nam a2200169Ia 4500 |
| 008 |
150624b xxu||||| |||| 00| 0 eng d |
| 020 |
|
|
|a 8178296551
|
| 020 |
|
|
|a 8178296551
|
| 082 |
|
|
|a 305.433804
|
| 100 |
|
|
|a Handy, Femida
|
| 245 |
|
|
|a Grass-roots NGOs by women for women:
|b The driving force of development in India /
|c Femida Handy
|
| 260 |
|
|
|a New Delhi :
|b Sage,
|c 2006.
|
| 300 |
|
|
|a 236 p.
|
| 505 |
|
|
|a - 1. Women entrepreneurs: who are they - The lesson of the cow: sindhutai-saptasindhu, A woman for all women:, Medha samant-Annapurna 2. Organizational structures: Does a feminist ideology matter- From protests to empowerment: The Nari Samata manch,
|
| 942 |
|
|
|c BK
|
| 999 |
|
|
|c 55802
|d 55802
|
| 952 |
|
|
|0 0
|1 0
|4 0
|6 305_433804000000000_HAN_G
|7 0
|9 55780
|a UL
|b UL
|c ST1
|d 2012-10-27
|l 0
|o 305.433804 HAN/G
|p 80277
|r 2012-10-27
|w 2012-10-27
|y BK
|